[Event "IECC 2014-1.04"]
[Site "IECC email"]
[Date "2014.01.05"]
[Round "?"]
[White "Gomez, Pablo"]
[Black "Jordaan, Wayne"]
[Result "0-1"]
[WhiteElo "1055"]
[BlackElo "1853"]
[PlyCount "34"]
[EventDate "2014.??.??"]
[EventType "tourn (corr)"]
[SourceTitle "Corr 2020"]
[Source "ChessBase"]
[SourceDate "2019.09.30"]
[SourceVersion "1"]
[SourceVersionDate "2019.09.30"]
[SourceQuality "1"]
[WhiteTeam "Paraguay"]
[BlackTeam "South Africa"]
[WhiteTeamCountry "PAR"]
[BlackTeamCountry "RSA"]

1. e3 e5 2. d3 d5 3. g3 Nc6 4. Bg2 Nf6 5. b3 Bg4 6. Ne2 Qd7 7. Bb2 0-0-0 8. h3 Be6 9. Nd2 h5 10. h4 Ng4 11. f3 Nxe3 12. Qb1 Nxg2+ 13. Kf2 Ne3 14. Kxe3 Bc5+ 15. d4 exd4+ 16. Bxd4 Qe7 17. c3 Bf5+ 0-1

[Event "IECC M1-2013.T089"]
[Site "IECC email"]
[Date "2013.11.26"]
[Round "?"]
[White "McAuliffe, Adrian"]
[Black "Gomez, Pablo"]
[Result "1-0"]
[WhiteElo "1097"]
[BlackElo "1039"]
[PlyCount "71"]
[EventDate "2013.??.??"]
[EventType "match (corr)"]
[EventRounds "2"]
[SourceTitle "Telechess CBM 165"]
[Source "ChessBase"]
[SourceDate "2015.03.11"]
[SourceVersion "1"]
[SourceVersionDate "2015.03.11"]
[SourceQuality "1"]
[WhiteTeam "Ireland"]
[BlackTeam "Paraguay"]
[WhiteTeamCountry "IRL"]
[BlackTeamCountry "PAR"]

1. e4 e6 2. d4 d6 3. Nc3 g6 4. Nf3 Bg7 5. Bc4 Ne7 6. Bg5 b6 7. 0-0 h6 8. Bh4 Nd7 9. Re1 Bb7 10. b3 c6 11. Bd3 f6 12. a4 a5 13. Rb1 Qc7 14. Qd2 e5 15. d5 g5 16. Bg3 cxd5 17. exd5 Nxd5 18. Nxd5 Bxd5 19. Bg6+ Bf7 20. Bxf7+ Kxf7 21. Qd5+ Ke7 22. Rbd1 Qc5 23. Qd3 Rhc8 24. h3 Rc6 25. c4 Re8 26. Nd2 Kf7 27. Ne4 Qd4 28. Qf3 Qb2 29. Nxd6+ Ke7 30. Nxe8 Kxe8 31. Qxc6 Qxb3 32. Qc8+ Kf7 33. Rxd7+ Kg6 34. Qe8+ Kh7 35. Qf7 Qxa4 36. Qxg7# 1-0

[Event "P-4865"]
[Site "IECC email"]
[Date "2013.11.03"]
[Round "?"]
[White "Gomez, Pablo"]
[Black "Jacob, Sheeju Urbanus"]
[Result "0-1"]
[WhiteElo "1067"]
[BlackElo "1076"]
[PlyCount "40"]
[EventDate "2013.??.??"]
[EventType "tourn (corr)"]
[SourceTitle "Telechess CBM 165"]
[Source "ChessBase"]
[SourceDate "2015.03.11"]
[SourceVersion "1"]
[SourceVersionDate "2015.03.11"]
[SourceQuality "1"]
[WhiteTeam "Paraguay"]
[BlackTeam "India"]
[WhiteTeamCountry "PAR"]
[BlackTeamCountry "IND"]

1. e3 e6 2. d3 g5 3. g3 Ne7 4. Bg2 d5 5. Ne2 Bg7 6. c3 c6 7. b3 b6 8. Bb2 0-0 9. Nd2 Ba6 10. Qc2 Ng6 11. c4 e5 12. f4 gxf4 13. exf4 d4 14. f5 Ne7 15. g4 b5 16. a3 bxc4 17. bxc4 Nd7 18. Rf1 Bb7 19. f6 Bxf6 20. Rxf6 Nxf6 0-1

[Event "OP-2013-0-02579"]
[Site "LSS email"]
[Date "2013.01.10"]
[Round "?"]
[White "Gomez, Pablo"]
[Black "Easterday, George"]
[Result "1-0"]
[WhiteElo "699"]
[BlackElo "307"]
[PlyCount "35"]
[EventDate "2013.01.04"]
[EventType "tourn (corr)"]
[EventRounds "4"]
[EventCountry "GER"]
[SourceTitle "Corr 2015"]
[Source "ChessBase"]
[SourceDate "2015.07.17"]
[SourceVersion "1"]
[SourceVersionDate "2015.07.17"]
[SourceQuality "1"]

1. e3 e5 2. d3 d5 3. Ne2 Nc6 4. g3 Nf6 5. Bg2 Bg4 6. h3 Bf5 7. g4 Be6 8. Nbc3 Nb4 9. f4 exf4 10. Nxf4 Bd6 11. g5 Nd7 12. Nb5 Bc5 13. a3 Nc6 14. Nxe6 fxe6 15. Qg4 g6 16. Qxe6+ Ne7 17. Bxd5 c6 18. Qf7# 1-0

[Event "OP-2013-0-02579"]
[Site "LSS email"]
[Date "2013.01.09"]
[Round "?"]
[White "Gomez, Pablo"]
[Black "Ucal, Mustafa"]
[Result "0-1"]
[WhiteElo "699"]
[BlackElo "1263"]
[PlyCount "96"]
[EventDate "2013.01.04"]
[EventType "tourn (corr)"]
[EventRounds "4"]
[EventCountry "GER"]
[SourceTitle "Telechess CBM 159"]
[Source "ChessBase"]
[SourceDate "2014.03.17"]
[SourceVersion "1"]
[SourceVersionDate "2014.03.17"]
[SourceQuality "1"]

1. e3 e5 2. d3 d5 3. Ne2 c5 4. g3 Nf6 5. Bg2 Nc6 6. b3 Be7 7. Bb2 0-0 8. Qd2 Bf5 9. e4 dxe4 10. dxe4 Nxe4 11. Bxe4 Bxe4 12. Qxd8 Raxd8 13. 0-0 Bxc2 14. Na3 Be4 15. f3 Bxf3 16. Rxf3 Rd2 17. Bxe5 Nxe5 18. Re3 c4 19. Rxe5 Bf6 20. Nxc4 Bxe5 21. Nxd2 Bxa1 22. Kf2 f5 23. Nf3 Rf7 24. h3 a5 25. Nd2 b5 26. Nf3 b4 27. Nd2 Rc7 28. Nc4 Rc5 29. Nf4 Bf6 30. h4 g6 31. Ke3 Bc3 32. Ne2 Be5 33. Kd2 Kf7 34. Kc1 a4 35. Kc2 a3 36. Kc1 Kf6 37. Kc2 Rc7 38. Kb1 Rd7 39. Kc2 Bc7 40. Nd2 g5 41. Nf3 g4 42. Ne1 Ke5 43. Nd3+ Ke4 44. Nc5+ Ke3 45. Nxd7 Kxe2 46. Nf6 f4 47. gxf4 g3 48. f5 g2 0-1

[Event "OP-2012-0-02561"]
[Site "LSS email"]
[Date "2012.12.25"]
[Round "?"]
[White "Gomez, Pablo"]
[Black "Cardoso do Espirito Santo, Rubens"]
[Result "0-1"]
[WhiteElo "520"]
[BlackElo "1855"]
[PlyCount "42"]
[EventDate "2012.12.22"]
[EventType "tourn (corr)"]
[EventRounds "4"]
[EventCountry "GER"]
[SourceTitle "Telechess CBM 161"]
[Source "ChessBase"]
[SourceDate "2014.07.16"]
[SourceVersion "1"]
[SourceVersionDate "2014.07.16"]
[SourceQuality "1"]

1. e3 e5 2. d3 d5 3. Ne2 Nf6 4. g3 Bd6 5. Bg2 0-0 6. b3 c6 7. Nbc3 b5 8. 0-0 Nbd7 9. a3 a5 10. Bb2 Re8 11. d4 e4 12. Re1 Nf8 13. Nb1 Ne6 14. Nbc3 Ng5 15. Nf4 Bg4 16. Qd2 Qd7 17. h4 Nf3+ 18. Bxf3 Bxf3 19. a4 Bxf4 20. exf4 Qh3 21. axb5 Qg2# 0-1

[Event "OP-2012-0-02561"]
[Site "LSS email"]
[Date "2012.12.25"]
[Round "?"]
[White "Guaimare Rodriguez, Carlos Luis"]
[Black "Gomez, Pablo"]
[Result "1-0"]
[WhiteElo "927"]
[BlackElo "520"]
[PlyCount "27"]
[EventDate "2012.12.22"]
[EventType "tourn (corr)"]
[EventRounds "4"]
[EventCountry "GER"]
[SourceTitle "Corr 2015"]
[Source "ChessBase"]
[SourceDate "2015.07.17"]
[SourceVersion "1"]
[SourceVersionDate "2015.07.17"]
[SourceQuality "1"]

1. Nf3 e6 2. g3 d6 3. Bg2 Nd7 4. c4 c6 5. d4 g6 6. 0-0 Bg7 7. Nc3 Ngf6 8. e4 b6 9. e5 dxe5 10. Nxe5 0-0 11. Nxc6 Qc7 12. Nb5 Qb7 13. Ne7+ Kh8 14. Bxb7 1-0

[Event "SN-2012-0-00478"]
[Site "LSS email"]
[Date "2012.12.23"]
[Round "?"]
[White "Gomez, Pablo"]
[Black "Holmquist, Marson C"]
[Result "1-0"]
[WhiteElo "520"]
[BlackElo "474"]
[PlyCount "87"]
[EventDate "2012.12.06"]
[EventType "tourn (corr)"]
[EventRounds "6"]
[EventCountry "GER"]
[SourceTitle "Telechess CBM 161"]
[Source "ChessBase"]
[SourceDate "2014.07.16"]
[SourceVersion "1"]
[SourceVersionDate "2014.07.16"]
[SourceQuality "1"]

1. e3 d6 2. d3 e5 3. Ne2 g6 4. g3 Bg7 5. Bg2 c6 6. b3 Nf6 7. Bb2 0-0 8. Nbc3 d5 9. Qd2 Nbd7 10. e4 d4 11. Nd1 Ng4 12. Bh3 Nc5 13. Bxg4 Bxg4 14. h3 Bf3 15. Rg1 Ne6 16. c3 dxc3 17. Bxc3 Bxe2 18. Qxe2 Nc5 19. Nb2 Qg5 20. Bb4 b6 21. Bxc5 bxc5 22. Qe3 Qxe3+ 23. fxe3 Rad8 24. Rc1 Bh6 25. Ke2 f5 26. Rxc5 Rc8 27. Rxe5 c5 28. exf5 Rxf5 29. Rxf5 gxf5 30. Nc4 Re8 31. Rf1 Rf8 32. Kf3 Rd8 33. Ke2 a6 34. Rxf5 Re8 35. Rxc5 Bg7 36. Rc6 Ra8 37. d4 a5 38. Kd3 Bf8 39. e4 Rd8 40. d5 Ra8 41. d6 Kf7 42. e5 Ra7 43. Rc7+ Rxc7 44. dxc7 1-0

[Event "LSS No Engine Cup 78 Preliminary 6"]
[Site "LSS email"]
[Date "2012.12.05"]
[Round "?"]
[White "Gomez, Pablo"]
[Black "Chamberlain, Edwin"]
[Result "0-1"]
[WhiteElo "698"]
[BlackElo "995"]
[PlyCount "42"]
[EventDate "2012.12.06"]
[EventType "tourn (corr)"]
[EventRounds "6"]
[EventCountry "GER"]
[SourceTitle "Telechess CBM 159"]
[Source "ChessBase"]
[SourceDate "2014.03.17"]
[SourceVersion "1"]
[SourceVersionDate "2014.03.17"]
[SourceQuality "1"]

1. e3 d5 2. d3 e5 3. Ne2 Nf6 4. g3 Bd6 5. Bg2 c6 6. b3 0-0 7. Bb2 Bg4 8. h3 Bf5 9. 0-0 Qd7 10. g4 Be6 11. d4 e4 12. Nf4 Bxf4 13. exf4 g6 14. f5 gxf5 15. gxf5 Bxf5 16. c4 Bxh3 17. Bxh3 Qxh3 18. f4 Kh8 19. Nd2 Rg8+ 20. Kf2 Rg2+ 21. Ke1 Qe3+ 0-1

[Event "LSS No Engine Cup 78 Preliminary 6"]
[Site "LSS email"]
[Date "2012.12.05"]
[Round "?"]
[White "Ogaki, Hideki"]
[Black "Gomez, Pablo"]
[Result "1-0"]
[WhiteElo "873"]
[BlackElo "698"]
[PlyCount "45"]
[EventDate "2012.12.06"]
[EventType "tourn (corr)"]
[EventRounds "6"]
[EventCountry "GER"]
[SourceTitle "Telechess CBM 159"]
[Source "ChessBase"]
[SourceDate "2014.03.17"]
[SourceVersion "1"]
[SourceVersionDate "2014.03.17"]
[SourceQuality "1"]

1. e4 e6 2. d4 d6 3. Nf3 Ne7 4. Nc3 g6 5. Bg5 h6 6. Bf6 Rg8 7. d5 e5 8. Bxe7 Qxe7 9. Bb5+ c6 10. dxc6 bxc6 11. Ba4 Bd7 12. 0-0 f5 13. exf5 Bxf5 14. b4 Kf7 15. b5 cxb5 16. Nxb5 a6 17. Qd5+ Be6 18. Qxa8 Bg7 19. Nc3 Bc4 20. Rfb1 Nd7 21. Qc6 Nc5 22. Ne4 Nxe4 23. Rb7 1-0

[Event "SN-2012-0-00473"]
[Site "LSS email"]
[Date "2012.12.02"]
[Round "?"]
[White "Gomez, Pablo"]
[Black "Bearce, Harold L"]
[Result "0-1"]
[WhiteElo "520"]
[BlackElo "575"]
[PlyCount "36"]
[EventDate "2012.11.13"]
[EventType "tourn (corr)"]
[EventRounds "6"]
[EventCountry "GER"]
[SourceTitle "Corr 2015"]
[Source "ChessBase"]
[SourceDate "2015.07.17"]
[SourceVersion "1"]
[SourceVersionDate "2015.07.17"]
[SourceQuality "1"]

1. e3 e5 2. d3 d5 3. Ne2 Nc6 4. Ng3 Nf6 5. Be2 Bc5 6. Nd2 0-0 7. Nb3 Bb6 8. Bd2 Re8 9. Bg4 Bxg4 10. f3 Be6 11. Qe2 a5 12. a4 Qd6 13. 0-0 Ne7 14. Kh1 Nf5 15. Nxf5 Bxf5 16. e4 dxe4 17. fxe4 Bg4 18. Qf2 Bxf2 0-1

[Event "OP-2012-0-02523"]
[Site "LSS email"]
[Date "2012.12.02"]
[Round "?"]
[White "Kuzmin, Konstantin"]
[Black "Gomez, Pablo"]
[Result "1-0"]
[WhiteElo "1687"]
[BlackElo "655"]
[PlyCount "39"]
[EventDate "2012.11.29"]
[EventType "tourn (corr)"]
[EventRounds "4"]
[EventCountry "GER"]
[SourceTitle "Telechess CBM 163"]
[Source "ChessBase"]
[SourceDate "2014.11.11"]
[SourceVersion "2"]
[SourceVersionDate "2014.11.11"]
[SourceQuality "1"]

1. e4 e6 2. d4 d6 3. Nf3 Ne7 4. Bd3 Ng6 5. h4 Be7 6. h5 Nf8 7. h6 g6 8. 0-0 Nc6 9. Be2 d5 10. exd5 exd5 11. c4 dxc4 12. d5 Nb4 13. Bxc4 Bg4 14. a3 Bxf3 15. Qxf3 Qd6 16. axb4 Qxb4 17. d6 cxd6 18. Qxf7+ Kd8 19. Bd2 Qxb2 20. Re1 1-0

[Event "RN-2012-0-00568"]
[Site "LSS email"]
[Date "2012.12.01"]
[Round "?"]
[White "Brough, Carl"]
[Black "Gomez, Pablo"]
[Result "1-0"]
[WhiteElo "724"]
[BlackElo "655"]
[PlyCount "27"]
[EventDate "2012.11.21"]
[EventType "tourn (corr)"]
[EventRounds "6"]
[EventCountry "GER"]
[SourceTitle "Corr 2022"]
[Source "ChessBase"]
[SourceDate "2021.10.24"]
[SourceVersion "1"]
[SourceVersionDate "2021.10.24"]
[SourceQuality "1"]

1. d4 d6 2. c4 e6 3. e4 Ne7 4. Nc3 Ng6 5. Be2 Be7 6. Nf3 Nd7 7. 0-0 c5 8. d5 e5 9. h4 h5 10. Bg5 f6 11. Be3 Nb6 12. Ng5 Bg4 13. Bxg4 hxg4 14. Ne6 1-0

[Event "OP-2012-0-02522"]
[Site "LSS email"]
[Date "2012.12.01"]
[Round "?"]
[White "Gomez, Pablo"]
[Black "Aleixandre, Pascal"]
[Result "0-1"]
[WhiteElo "698"]
[BlackElo "1200"]
[PlyCount "40"]
[EventDate "2012.11.28"]
[EventType "tourn (corr)"]
[EventRounds "4"]
[EventCountry "GER"]
[SourceTitle "Telechess CBM 159"]
[Source "ChessBase"]
[SourceDate "2014.03.17"]
[SourceVersion "1"]
[SourceVersionDate "2014.03.17"]
[SourceQuality "1"]

1. e3 e5 2. d3 d5 3. Ne2 Nc6 4. Ng3 Nf6 5. Be2 Bb4+ 6. Bd2 e4 7. d4 0-0 8. c3 Bd6 9. 0-0 Ne7 10. c4 c6 11. cxd5 cxd5 12. Nc3 a6 13. Nh5 Nxh5 14. Bxh5 Bc7 15. f3 g6 16. Bg4 Bxg4 17. fxg4 Qd6 18. a4 Qxh2+ 19. Kf2 Bg3+ 20. Ke2 Qxg2+ 0-1